<An> Introduction to Econometrics

Uložené v:
Podrobná bibliografia
Hlavný autor: Walters, A.A
Médium: Kniha
Jazyk:English
Vydavateľské údaje: London MacMillan 1968
Vydanie:1. ed.
Tagy: Pridať tag
Žiadne tagy, Buďte prvý, kto otaguje tento záznam!

MARC

LEADER 00000nam a2200000 4500
001 c034240
005 20221220103537.7
041 0 |a eng 
044 |a GB 
245 1 0 |a <An> Introduction to Econometrics  |c A.A. Walters 
250 |a 1. ed. 
264 1 |a London  |b MacMillan  |c 1968 
300 |a 377 s. 
100 1 |a Walters, A.A.